000 00977nas a2200241 454500
001 41551
005 20260407193511.0
008 260407s1985####ag###########|||spa#d
003 AR-UNSa-BCEJYS
040 _aAR-UNSa-BCEJYS
_bspa
_cAR-UNSa-BCEJYS
080 _a35
_xAdministración Pública
245 1 0 _aRevista de estudios de la administración local y autonómica
022 _a0213-4675
264 1 _aMadrid :
_bInstituto Nacional de Administración Pública (INAP)
_c1985
310 _aFrecuencia: Cuatrimestral De 1985-2000: Revista de Estudios de la Administración Local y Autonómica (ISSN: 0213-4675). De 2001-2004: Revista de la Administración Local (ISSN: 1578-4568)
041 _aspa
942 _cSER
590 _aniveau_biblio:s niveau_hierar:1
100 1 _aSosa Wagner, Francisco
650 _aADMINISTRACION PUBLICA
650 _aCiencia política
856 4 1 _uhttps://biblioeco.unsa.edu.ar/pmb/images/revistas/R20719.jpg
_yImagen de portada
_qimage/jpeg
999 _c8885
_d8885